Educación comunicación y lenguaje

Bewaard in:
Bibliografische gegevens
Hoofdauteur: Infante Roldán, María Isabel (Auteur)
Formaat: Boek
Taal:Spaans
Gepubliceerd in: Ciudad de México Centro de Estudios Educativos 1983
Onderwerpen:
Tags: Voeg label toe
Geen labels, Wees de eerste die dit record labelt!

MARC

LEADER 00000nam a2200000 a 4500
001 UCY9007
003 CL-VaPUC
008 950707e19830000MX |||||||||||||||||spa|d
082 0 4 |a 374.012  |b INF  |2 21 
100 |a Infante Roldán, María Isabel  |e author  |9 562504 
245 1 0 |a Educación comunicación y lenguaje 
246 1 0 |a Fundamentos para la alfabetización de adultos en América Latina 
300 |a 179 p 
942 |c BK 
945 |d 19950707 00:00:00  |a cmena 
260 |a Ciudad de México  |b Centro de Estudios Educativos  |c 1983 
650 0 |a Alfabetización   |9 310435 
650 0 |a Adultos   |9 335034 
650 0 |a Educación de adultos  |9 307580 
650 0 |a Investigación educacional   |9 261192 
650 0 |a Proceso de comunicación   |9 332060 
651 0 |a América Latina   |9 255027 
583 |a last modification  |c 20120601 11:15:52  |k Rodrigo Vera 
999 |c 236181  |d 236179 
952 |0 0  |1 0  |4 0  |6 374_012000000000000_INF_1983  |7 0  |8 P  |9 244074  |a BIBEDU  |b BIBEDU  |c BIBEDU_PB  |d 2019-11-18  |i 1529927  |o 374.012 INF 1983  |p 1529927  |r 2024-01-25  |w 2019-11-18  |y BK  |k EDU 
952 |0 0  |1 0  |4 0  |6 374_012000000000000_INF_1983  |7 0  |8 P  |9 244075  |a BIBEDU  |b BIBEDU  |c BIBEDU_PB  |d 2019-11-18  |i 1602373  |o 374.012 INF 1983  |p 1602373  |r 2024-01-25  |w 2019-11-18  |y BK  |k EDU 
952 |0 0  |1 0  |4 0  |6 374_012000000000000_INF_1983  |7 0  |8 A  |9 244076  |a BIBGIM  |b BIBGIM  |d 2019-11-18  |i 1401580  |o 374.012 INF 1983  |p 1401580  |r 2025-01-15  |w 2019-11-18  |y BK  |k SSL 
952 |0 0  |1 0  |4 0  |6 374_012000000000000_INF_1983  |7 0  |8 A  |9 244077  |a FDOPOS  |b FDOPOS  |d 2019-11-18  |i 426939K  |o 374.012 INF 1983  |p 426939K  |r 2025-01-22  |w 2019-11-18  |y BK  |k MLA